Quantitative Techniques (Record no. 710)

MARC details
000 -LEADER
fixed length control field 00401nam a22001697a 4500
005 - DATE AND TIME OF LATEST TRANSACTION
control field 20160513110300.0
008 - FIXED-LENGTH DATA ELEMENTS--GENERAL INFORMATION
fixed length control field 160513b xxu||||| |||| 00| 0 eng d
020 ## - INTERNATIONAL STANDARD BOOK NUMBER
ISBN 0-7069-8745-4
041 ## - LANGUAGE CODE
Language code of text/sound track or separate title eng
082 ## - DEWEY DECIMAL CLASSIFICATION NUMBER
Item number 1837
100 ## - MAIN ENTRY--AUTHOR NAME
Personal name C.R. Kothari
245 ## - TITLE STATEMENT
Title Quantitative Techniques
260 ## - PUBLICATION, DISTRIBUTION, ETC. (IMPRINT)
Place of publication New Delhi
Name of publisher Vikas Publishing
Year of publication 2005
300 ## - PHYSICAL DESCRIPTION
Number of Pages 596
650 ## - SUBJECT ADDED ENTRY--TOPICAL TERM
Topical Term Management
942 ## - ADDED ENTRY ELEMENTS (KOHA)
Koha item type Books
Holdings
Lost status Damaged status Collection code Home library Current library Date acquired Cost, normal purchase price Full call number Accession Number Koha item type
    Reference JRU Library JRU Library 13/05/2016 275.00 658. 1837 Books